Normal view
MARC view
Entry Personal Name
001 - CONTROL NUMBER
- control field: 86501
003 - CONTROL NUMBER IDENTIFIER
- control field: dpl
005 - DATE AND TIME OF LATEST TRANSACTION
- control field: 20260116122005.0
008 - FIXED-LENGTH DATA ELEMENTS
- fixed length control field: 260116|| aca||aabn | a|a d
040 ## - CATALOGING SOURCE
- Original cataloging agency: dpl
- Transcribing agency: dpl
100 ## - HEADING--PERSONAL NAME
- Personal name: Nag, Moupriya
670 ## - SOURCE DATA FOUND
- Source citation: Work cat.: (dpl)214220: Bhattacharya, Debasmita 86499, Biology for Engineers/, 2026
